Loading...
| Fine Arts - Classical Music and Opera | 0 | 7 | 0 | 1 | 70 | 100 | 119.00 | 0 | 0 | 0.00 | 0.00 |
| Fine Arts - Other Arts | 1 | 6 | 1 | 1 | 70 | 77 | 120.57 | 0 | 1 | 0.00 | 0.00 |
| Literature - British | 1 | 6 | 2 | 0 | 65 | 75 | 120.29 | 0 | 1 | 0.00 | 0.00 |
| Visual Arts | 0 | 5 | 0 | 0 | 50 | 103 | 128.20 | 0 | 1 | 0.00 | 0.00 |
| Literature - American | 0 | 5 | 1 | 0 | 45 | 109 | 123.20 | 0 | 1 | 0.00 | 0.00 |
| Literature - European | 0 | 5 | 1 | 0 | 45 | 128 | 137.80 | 0 | 0 | 0.00 | 0.00 |
| Philosophy | 0 | 3 | 0 | 1 | 30 | 79 | 116.33 | 0 | 0 | 0.00 | 0.00 |
| Social Science | 0 | 3 | 0 | 0 | 30 | 93 | 110.67 | 0 | 1 | 0.00 | 0.00 |
| History - World | 0 | 2 | 0 | 0 | 20 | 78 | 93.00 | 0 | 1 | 0.00 | 0.00 |
| History - American | 1 | 1 | 1 | 1 | 20 | 56 | 93.50 | 0 | 0 | 0.00 | 0.00 |
| Other Academic | 0 | 2 | 1 | 1 | 15 | 133 | 140.00 | 0 | 0 | 0.00 | 0.00 |
| Geography | 0 | 1 | 0 | 1 | 10 | 147 | 147.00 | 0 | 0 | 0.00 | 0.00 |
| Science - Other | 0 | 1 | 0 | 0 | 10 | 88 | 88.00 | 0 | 1 | 0.00 | 0.00 |
| History - Other | 0 | 1 | 0 | 0 | 10 | 107 | 107.00 | 0 | 0 | 0.00 | 0.00 |
| Literature - World | 0 | 1 | 1 | 0 | 5 | 124 | 124.00 | 0 | 0 | 0.00 | 0.00 |
| Beliefs | 0 | 1 | 1 | 0 | 5 | 130 | 130.00 | 0 | 0 | 0.00 | 0.00 |
| History - European | 0 | 0 | 1 | 0 | -5 | 0.00 | 0 | 0 | 0.00 | 0.00 |